| 000 | 00778cab a22002295a 4500 | ||
|---|---|---|---|
| 001 | L159255 | ||
| 008 | 160405e2016 xxk 000 0 eng d | ||
| 035 | _a(Sirsi) u159255 | ||
| 041 | 0 | _aeng | |
| 100 | 1 | _aReys, Nicolas | |
| 245 | 0 | 0 | _aSmarter city cyber security |
| 260 | _c2016 | ||
| 490 |
_aFM World _v13(6) 24 March 2016, 26-29(3) |
||
| 520 | _aLooks at how the advent of smart cities will offer businesses unprecedented economic opportunities as well as unprecedented levels of cyber security threats resulting from an explosion in the number of interconnected devices. | ||
| 590 | _aKA | ||
| 650 | 2 | 4 | _aSMART CITIES |
| 650 | 2 | 4 | _aCYBER SECURITY |
| 650 | 2 | 4 | _aARTIFICIAL INTELLIGENCE |
| 651 | 4 | _aUnited Kingdom | |
| 690 |
_aInfrastructure _96246 |
||
| 942 | _n0 | ||
| 999 |
_c84846 _d84846 |
||